Status of Centre - State Coordination in Agricultural Research, Education & Extension in ... (Record no. 49223)

MARC details
000 -LEADER
fixed length control field 00418nam a22001577a 4500
003 - CONTROL NUMBER IDENTIFIER
control field OSt
008 - FIXED-LENGTH DATA ELEMENTS--GENERAL INFORMATION
fixed length control field 251124b |||||||| |||| 00| 0 eng d
082 ## - DEWEY DECIMAL CLASSIFICATION NUMBER
Classification number 630.7
Item number I-2S
100 ## - MAIN ENTRY--PERSONAL NAME
Personal name ICAR
245 ## - TITLE STATEMENT
Title Status of Centre - State Coordination in Agricultural Research, Education & Extension in ...
300 ## - PHYSICAL DESCRIPTION
Extent 342p.
650 ## - SUBJECT ADDED ENTRY--TOPICAL TERM
Topical term or geographic name as entry element Agriculture
650 ## - SUBJECT ADDED ENTRY--TOPICAL TERM
Topical term or geographic name as entry element Extension Education
650 ## - SUBJECT ADDED ENTRY--TOPICAL TERM
Topical term or geographic name as entry element Research
942 ## - ADDED ENTRY ELEMENTS (KOHA)
Source of classification or shelving scheme
Koha item type Reference Books
Holdings
Withdrawn status Lost status Source of classification or shelving scheme Damaged status Not for loan Home library Current library Date acquired Total Checkouts Full call number Barcode Date last seen Bill Date Koha item type
          Dr. Rajendra Prasad Central Agricultural University Pusa, Dr. Rajendra Prasad Central Agricultural University Pusa, 24/11/2025   630.7 I-2S 53832 24/11/2025 24/11/2025 Reference Books
Hosted, Implemented, Customized & Maintained by: BestBookBuddies

Powered by Koha